000 00388nam a2200169Ia 4500
100 _aLovasz/L
650 _aDiscrete Mathematics
942 _cBK
366 _f20
654 _adiscrete mathematics
245 _aDiscrete Mathematics:Elementary and beyond
260 _bSpringer
_aNew Delhi
_c2003
082 _a515.62/LOV
_bLOV
300 _a290
546 _aENGLISH
999 _c20616
_d20616